| 000 | 00401nam a2200145Ia 4500 | ||
|---|---|---|---|
| 008 | 211109s9999||||xx |||||||||||||| ||und|| | ||
| 082 |
_a824 _bEDM-S |
||
| 100 | _aEdmund, Burke | ||
| 245 | 0 | _aSpeeches and Letters on American Affairs By G M Drnh | |
| 260 |
_bToronto _aLondon _c1969 |
||
| 300 | _a295p. | ||
| 630 | _xGeneral Stack | ||
| 650 |
_aEnglish Litertaure _vEnglish Essays _xEnglish |
||
| 942 | _cBOOK | ||
| 999 |
_c421 _d421 |
||